| 000 | 01586nam a2200265Ia 4500 | ||
|---|---|---|---|
| 999 |
_c56387 _d56387 |
||
| 001 | 23500 | ||
| 003 | GE_BSU | ||
| 005 | 20230607114259.0 | ||
| 008 | 181216s2007ge xx |||||||||||||| ||geo|| | ||
| 020 | _a9789994059607 | ||
| 040 | _cGE_BSU | ||
| 041 | _ageo | ||
| 080 | _a94(479) + 008(479)(09) მ-59 | ||
| 100 |
_aმეტრეველი, როინ _918527 |
||
| 245 |
_aკავკასიური ცივილიზაცია მსოფლიო გლობალიზაციური პროცესების კონტექსტში _b[ნარკვევი] / _cროინ მეტრეველი; რედ. ემილ კოპალიანი. |
||
| 264 |
_aთბილისი : _bარტანუჯი, _c2007. |
||
| 300 |
_a86 გვ. ; _b20 სმ. |
||
| 504 | _aბიბლიოგრ. ტექსტ. შენიშვნ. | ||
| 541 | _h4 ლ. | ||
| 653 | _aკავკასიის ისტორია; კავკასიის ცივილიზაცია | ||
| 653 | _aკავკასიური ცივილიზაცია მსოფლიო გლობალიზაციური პროცესების კონტექსტში | ||
| 700 |
_a კოპალიანი, ემილ _eრედაქტორი _918528 |
||
| 710 |
_aსაქ. მეცნ. ეროვნ. აკად., _918529 _bსაქ. ისტ. ეროვნული კომ., საქ. ისტ. წყაროების კომისია. |
||
| 942 |
_cBK _2udc |
||